000 01737nam0a2200361 4500
001 RU\NLR\bibl\199921
005 20260406114036.0
010 _a5-275-00010-3
_bВ пер.
021 _aRU
_b2001-5444
_9264
035 _a(NLR Aleph) 000196296
090 _a1136546
_c1136546
100 _a20011022d2000 |||y0rusy50 ca
101 1 _arus
_ceng
102 _aRU
105 _ay |||||||||
200 1 _aИзбранное
_e[Пер. с англ.]
_fО. Генри
_g[Сост. вступ. ст. и коммент. О.Алякринского]
210 _aМ.
_cТерра-Кн. клуб
_d2000
215 _a478,[1] с.
_d22
225 1 _aСокровища мировой литературы
_iАмериканская литература XX в.
_fОтв. ред. О. А. Алякринский
327 1 _aСодерж.: Короли и капуста: Роман; Рассказы: Из сб. "Четыре миллиона", "Горящий светильник", "Сердце Запада", "Голос большого города", "Благородный жулик", "Дороги судьбы", "На выбор", "Деловые люди", "Коловращение", "Всего понемножку", "Под лежачий камень..."
610 0 _aСатира и юмор (х. л.)
675 _a821.111(73)-31/-32Генри
_v3
_zrus
686 _a17.82
_2rugasnti
686 _a84(7Сое)-44
_2rubbk
686 _aШ6(7США)57-4
700 1 _4070
_7ca
_8rus
_aГенри
_bО.
_f1862-1910
_9110263
_3RU\NLR\AUTH\77198
801 0 _aRU
_bRKP
_c20011022
_gPSBO
801 1 _aRU
_bRKP
_c20011022
801 2 _aRU
_bNLR
_c20120523
_grcr
942 _cBOOK
980 _aNB